Visualizzazione normale
Vista MARC
- Donati Pierpaolo, Tronca Luigi
di Personal Name
Records bibliografici associati: 1
001 - CONTROL NUMBER
- control field: 60522
003 - CONTROL NUMBER IDENTIFIER
- control field:
005 - DATE AND TIME OF LATEST TRANSACTION
- control field: 20240317111244.0
008 - FIXED-LENGTH DATA ELEMENTS
- fixed length control field: 240317|| aca||aabn | a|a d
040 ## - CATALOGING SOURCE
- Original cataloging agency:
- Transcribing agency:
100 ## - HEADING--PERSONAL NAME
- Personal name: Donati Pierpaolo, Tronca Luigi
670 ## - SOURCE DATA FOUND
- Source citation: Work cat.: ()210688: Donati Pierpaolo, Tronca Luigi, Il capitale sociale degli italiani., 2008